000 01559cac a2200421 i 4500
003 EG-GICUC
005 20260121101552.0
008 040730s2004 nyua frb 000 0 eng d
020 _a0393326713
_qpbk.
020 _a9780393326710
_q(pbk.)
040 _aDLC
_cDLC
_dDLC
_dEG-GICUC
_beng
_erda
043 _an-us---
050 0 0 _aHV6432.7
_b.N39 2004b
082 0 0 _a343.431
_221
092 0 4 _221
099 _aLaw 10 [2004]
110 2 _aNational Commission on Terrorist Attacks upon the United States.
245 1 4 _aThe 9/11 Commission report :
_bfinal report of the National Commission on Terrorist Attacks upon the United States.
250 _aAuthorized edition.
264 _aNew York :
_bNorton,
_c[2004].
300 _axviii, 567 pages :
_billustrations ;
_c21 cm.
336 _atext
_btxt
_2rdacontent
337 _aunmediated
_bn
_2rdamedia
338 _avolume
_bnc
_2rdacarrier
500 _a"Authorized edition."
504 _aIncludes bibliographical references.
610 2 0 _aQaida (Organization)
650 0 _aSeptember 11 Terrorist Attacks, 2001.
650 0 _aTerrorism
_xGovernment policy
_zUnited States.
650 0 _aTerrorism
_zUnited States
_xPrevention.
650 0 _aIntelligence service
_zUnited States
_xEvaluation.
650 0 _aNational security
_zUnited States.
650 0 _aWar on Terrorism, 2001-2009.
856 4 1 _uhttps://fll.law.cu.edu.eg/fulltext/bks/ENGB10-00125.pdf
856 4 1 _3Table of contents only
_uhttp://www.loc.gov/catdir/toc/fy0715/2004057564.html
905 _a10
942 _2ddc
_cBK
_e21
_n0
999 _c53315
_d53315